Formula 1: Drivers Who Have Placed 5th in World Driver's Championship - Statistics

General Stats
  • This quiz has been taken 261 times
    241 since last reset
  • The average score is 51 of 70
Answer Stats
Season Driver Country % Correct
2008 Fernando Alonso Spain
97%
2006 Kimi Räikkönen Finland
97%
2013 Kimi Räikkönen Finland
97%
2016 Max Verstappen Netherlands
97%
2018 Valtteri Bottas Finland
97%
2010 Jenson Button United Kingdom
96%
2012 Jenson Button United Kingdom
96%
1999 Michael Schumacher Germany
96%
2000 Ralf Schumacher Germany
96%
2003 Ralf Schumacher Germany
96%
2019 Sebastian Vettel Germany
96%
2015 Valtteri Bottas Finland
96%
2017 Daniel Ricciardo Australia
95%
2009 Lewis Hamilton United Kingdom
95%
2011 Lewis Hamilton United Kingdom
95%
2014 Sebastian Vettel Germany
95%
1981 Alain Prost France
94%
1991 Alain Prost France
94%
1996 Mika Häkkinen Finland
90%
2001 Mika Häkkinen Finland
90%
1982 Niki Lauda Austria
90%
1998 Jacques Villeneuve Canada
89%
1966 Graham Hill United Kingdom
88%
1960 Phil Hill United States
88%
2004 Juan Pablo Montoya Colombia
87%
2002 David Coulthard United Kingdom
84%
1983 Keke Rosberg Finland
84%
1984 Nelson Piquet Brazil
83%
2005 Giancarlo Fisichella Italy
82%
1990 Nigel Mansell United Kingdom
81%
1987 Gerhard Berger Austria
80%
1992 Gerhard Berger Austria
80%
1997 Gerhard Berger Austria
80%
1994 Jean Alesi France
79%
1995 Jean Alesi France
79%
1955 Nino Farina Italy
79%
1950 Alberto Ascari Italy
77%
1975 Clay Regazzoni Switzerland
77%
1976 Clay Regazzoni Switzerland
77%
1979 Clay Regazzoni Switzerland
77%
1974 Ronnie Peterson Sweden
77%
1977 James Hunt United Kingdom
75%
2007 Nick Heidfeld Germany
75%
1993 Riccardo Patrese Italy
75%
1968 Bruce McLaren New Zealand
72%
1970 Jackie Stewart United Kingdom
68%
1989 Thierry Boutsen Belgium
66%
1952 Mike Hawthorn United Kingdom
62%
1988 Michele Alboreto Italy
61%
1965 John Surtees United Kingdom
59%
1986 Stefan Johansson Sweden
57%
1962 Dan Gurney United States
55%
1963 Dan Gurney United States
55%
1985 Elio de Angelis Italy
54%
1980 Didier Pironi France
51%
1957 Tony Brooks United Kingdom
50%
1967 Chris Amon New Zealand
49%
1978 Patrick Depailler France
46%
1958 Peter Collins United Kingdom
46%
1971 Jo Siffert Switzerland
45%
1961 Richie Ginther United States
42%
1964 Richie Ginther United States
42%
1959 Maurice Trintignant France
40%
1972 Peter Revson United States
40%
1973 Peter Revson United States
40%
1969 Jean-Pierre Beltoise France
35%
1951 Luigi Villoresi Italy
22%
1953 Luigi Villoresi Italy
22%
1954 Karl Kling Germany
20%
1956 Pat Flaherty United States
8%
No matching quizzes found
Score Distribution
Percent of People with Each Score
Percentile by Number Answered
Your Score History
You have not taken this quiz since the last reset